01237nam a2200157 a 4500008004100000020001500041041000800056100002800064245008500092250001100177260008200188300001100270500015300281505063000434655001501064 s1997 ag |||g |||| 001 0 spa d a9508600586 aspa1 aGrabivker, Mario José aRecordando a Tuñón.bTestimonios, ensayos y poemas /cMario José Grabivker a1a ed. aBuenos Aires:bEdiciones Instituto Movilizador de Fondos Cooperativos;c1997. a127 p. aGravivker, M. J. (1997). Recordando a Tuñon. Testimonios, ensayos y poemas. (1a ed.). Buenos Aires : Instituto Movilizador de Fondos Cooperativos. aLos trabajos que presentamos informan sobre la vida y la obra del poeta argentino Raúl González Tuñón. En su conjunto, intentan dar una visión, lo más amplia posible, de sus intereses afectivos, políticos, literarios, como así también del tiempo qu ele tocó vivir. Es significativo que los diferentes autores que estudian su obra no puedan separar la peripecia personal de Raúl González Tuñón de su poética, su texto del contexto en que ésta se produce. Poeta lírico, épico, intimista, social, inició un camino que grandes poetas latinoamericanos y españoles, recorrerían después.  aLiteratura